[Event "Champ FRA - Under 8"]
[Site "Europe Echecs"]
[Date "2020.07.06"]
[Round "2"]
[Time "14:26:13"]
[PlyCount "79"]
[White "PeuzinNoan"]
[Black "MougenotSacha"]
[WhiteElo "1080"]
[BlackElo "799"]
[Mode "WEB"]
[Result "0-1"]

1. e4 d5 2. Bb5+ Bd7 3. Bxd7+ Nxd7 4. Ne2 dxe4 5. O-O Nc5 6. d4 Ne6 7. Be3 Qd5
8. c4 Qa5 9. b4 Qh5 10. d5 Ng5 11. Bxg5 Qxg5 12. f4 Qg4 13. h3 Qg6 14. Qc2 Nf6
15. f5 Qh5 16. Rf2 e3 17. Rf1 O-O-O 18. Qa4 e5 19. Qxa7 Bxb4 20. Qa8+ Kd7 21.
Qxb7 Ba5 22. Qa6 Qxe2 23. Qc6+ Ke7 24. Qxc7+ Bxc7 25. Nc3 Qd3 26. Rac1 Ba5 27.
Rfd1 Qxf5 28. g4 Qf2+ 29. Kh1 e2 30. Re1 Qf3+ 31. Kg1 Qg3+ 32. Kh1 Qxh3+ 33. Kg1
Qxg4+ 34. Kf2 Qh4+ 35. Kxe2 Ng4 36. Rh1 Qg3 37. Rcg1 Qf2+ 38. Kd1 Ne3+ 39. Kc1
Qc2# {PeuzinNoan est échec et mat} 0-1

[Event "Champ FRA - Under 8"]
[Site "Europe Echecs"]
[Date "2020.07.06"]
[Round "2"]
[Time "14:26:13"]
[PlyCount "71"]
[White "DorgereLouka"]
[Black "ChevillonInes"]
[WhiteElo "799"]
[BlackElo "1060"]
[Mode "WEB"]
[Result "0-1"]

1. e4 e5 2. Nf3 Nc6 3. Nc3 d6 4. Bb5 Bd7 5. Bxc6 Bxc6 6. d3 Nf6 7. Bg5 Be7 8.
Bxf6 Bxf6 9. O-O h6 10. h3 O-O 11. Kh1 Re8 12. Rg1 a5 13. Nd5 Bxd5 14. exd5 c6
15. dxc6 bxc6 16. d4 exd4 17. Nxd4 Bxd4 18. Qxd4 c5 19. Qc3 Qe7 20. Rge1 Qd7 21.
Rxe8+ Rxe8 22. Re1 Rxe1+ 23. Qxe1 Qc8 24. Qe7 Qb8 25. Qxd6 Qxd6 26. c3 Qd2 27.
a3 Qxb2 28. c4 Qxa3 29. Kh2 Qc3 30. g3 a4 31. Kg1 a3 32. Kf1 a2 33. Kg2 a1=Q 34.
f3 Qa2+ 35. Kf1 Qc1# {DorgereLouka est échec et mat} 0-1

[Event "Champ FRA - Under 8"]
[Site "Europe Echecs"]
[Date "2020.07.06"]
[Round "2"]
[Time "14:26:13"]
[PlyCount "62"]
[White "PerrinJulian"]
[Black "PonzeveraAlexa"]
[WhiteElo "1050"]
[BlackElo "799"]
[Mode "WEB"]
[Result "1-0"]

1. e4 d6 2. d4 Nf6 3. Nc3 Nbd7 4. Bf4 e5 5. dxe5 dxe5 6. Be3 c6 7. Nf3 Qc7 8. g3
Be7 9. Bg2 h6 10. O-O g5 11. a3 g4 12. Nd2 h5 13. Bg5 Nf8 14. f3 gxf3 15. Nxf3
Ng6 16. Qd2 Bg4 17. Nb1 Bxf3 18. Bxf3 h4 19. gxh4 Nxh4 20. Qf2 Nxf3+ 21. Qxf3
Nxe4 22. Bxe7 Qxe7 23. Qxe4 Rh4 24. Qf3 a5 25. Nc3 Ra6 26. Ne4 Rb6 27. Ng3 Rxb2
28. Nf5 Qg5+ 29. Kh1 Rh5 30. Nd6+ Kf8 31. Qxf7# {PonzeveraAlexa est échec et mat} 1-0

[Event "Champ FRA - Under 8"]
[Site "Europe Echecs"]
[Date "2020.07.06"]
[Round "2"]
[Time "14:26:13"]
[PlyCount "111"]
[White "GanbatTushig"]
[Black "KeyrillosGabri"]
[WhiteElo "799"]
[BlackElo "1044"]
[Mode "WEB"]
[Result "1/2-1/2"]

1. e4 e6 2. d4 d5 3. exd5 exd5 4. Bd3 c5 5. dxc5 Bxc5 6. Nf3 Bg4 7. Bf4 h6 8. h3
Bxf3 9. Qxf3 Nf6 10. O-O O-O 11. a3 Bd6 12. Bxd6 Qxd6 13. Nc3 Nc6 14. Nb5 Qd7
15. Bf5 Qe7 16. Rfe1 Qd8 17. Nc3 Nd4 18. Qd3 Nxf5 19. Qxf5 Qc8 20. Qxc8 Raxc8
21. Rac1 Rfe8 22. Rxe8+ Rxe8 23. Nb5 a6 24. Nc7 Rc8 25. Nxd5 Nxd5 26. c4 Nb6 27.
c5 Nd7 28. b4 b6 29. g3 bxc5 30. bxc5 Rxc5 31. Rxc5 Nxc5 32. f3 Kf8 33. Kf2 Ke7
34. Ke3 Kd6 35. h4 Ke5 36. g4 f5 37. f4+ Kf6 38. gxf5 Kxf5 39. Kf3 g5 40. hxg5
hxg5 41. fxg5 Kxg5 42. Ke3 Kf6 43. Kd4 Nb7 44. Kd5 Ke7 45. Kc6 Nd8+ 46. Kb6 Kd6
47. Kxa6 Kc6 48. a4 Ne6 49. a5 Nd4 50. Ka7 Ne6 51. a6 Kc7 52. Ka8 Kc8 53. Ka7
Kc7 54. Ka8 Nd4 55. a7 Kc8 {Nulle par pat} 1/2-1/2

[Event "Champ FRA - Under 8"]
[Site "Europe Echecs"]
[Date "2020.07.06"]
[Round "2"]
[Time "14:26:13"]
[PlyCount "125"]
[White "KhantalinIrakl"]
[Black "DuboisSelene"]
[WhiteElo "799"]
[BlackElo "1037"]
[Mode "WEB"]
[Result "0-1"]

1. e4 e5 2. Nf3 Nc6 3. Bc4 Nf6 4. O-O Bc5 5. Nc3 O-O 6. d3 d6 7. Bg5 Bd7 8. a3
Re8 9. b4 Bb6 10. b5 Ba5 11. bxc6 Bxc3 12. cxd7 Bxa1 13. dxe8=Q+ Qxe8 14. Qxa1
Nd7 15. Bd5 c6 16. Bb3 Nc5 17. Be3 Nxb3 18. cxb3 c5 19. b4 cxb4 20. axb4 Rc8 21.
Rc1 a6 22. Rxc8 Qxc8 23. Qa5 Qc2 24. Ne1 Qc8 25. h3 h6 26. Kh2 Qe6 27. Qd8+ Kh7
28. Qa8 d5 29. exd5 Qxd5 30. Qa7 e4 31. dxe4 Qe5+ 32. g3 Qxe4 33. f3 Qxb4 34.
Nc2 Qb2 35. Qd4 Qxc2+ 36. Qd2 Qc7 37. Qd3+ Kg8 38. h4 a5 39. Bd2 a4 40. Kh3 Qc8+
41. g4 Qc5 42. Qd8+ Kh7 43. Qd3+ Kg8 44. Qc3 Qf2 45. Qe3 Qf1+ 46. Kg3 Qa1 47.
Qa7 a3 48. Be3 a2 49. Bd4 Qe1+ 50. Bf2 Qb1 51. Bd4 Qe1+ 52. Bf2 Qe5+ 53. Kg2
a1=Q 54. Qxb7 Qa3 55. Qc8+ Kh7 56. Qc2+ g6 57. Bg3 Qee3 58. Qc6 Qe2+ 59. Bf2 Qa1
60. Qb7 Qaf1+ 61. Kg3 Qfxf2+ 62. Kh3 Qg2# {KhantalinIrakl est échec et mat} 0-1

[Event "Champ FRA - Under 8"]
[Site "Europe Echecs"]
[Date "2020.07.06"]
[Round "2"]
[Time "14:26:13"]
[PlyCount "61"]
[White "MolinesThibaut"]
[Black "MoreauBaptiste"]
[WhiteElo "799"]
[BlackElo "1020"]
[Mode "WEB"]
[Result "0-1"]

1. e4 e5 2. Nf3 Nc6 3. Nc3 Nf6 4. Bc4 Nxe4 5. Nxe4 d5 6. Bxd5 Qxd5 7. Nc3 Qd8 8.
O-O Bg4 9. h3 Bh5 10. g4 Bg6 11. Re1 Qf6 12. Kf1 O-O-O 13. d3 h6 14. Be3 e4 15.
dxe4 Rxd1 16. Rexd1 Bb4 17. Ne2 Bxe4 18. Nfg1 Bxc2 19. Rdc1 Bd3 20. Rd1 Rd8 21.
Re1 Bxe1 22. Rxe1 Bxe2+ 23. Kxe2 Qxb2+ 24. Kf1 Qxa2 25. Re2 Rd1+ 26. Kg2 Qd5+
27. Kg3 Rxg1+ 28. Kh4 Qd8+ 29. Kh5 Rh1 30. Rd2 Rxh3# {MolinesThibaut est échec et mat} 0-1

[Event "Champ FRA - Under 8"]
[Site "Europe Echecs"]
[Date "2020.07.06"]
[Round "2"]
[Time "14:26:13"]
[PlyCount "28"]
[White "ManvieuPaul"]
[Black "VidalRaphael"]
[WhiteElo "1018"]
[BlackElo "799"]
[Mode "WEB"]
[Result "1-0"]

1. e4 e5 2. Nf3 Nc6 3. d4 Nf6 4. Nc3 Bb4 5. dxe5 Ng4 6. Bd2 Ncxe5 7. a3 Bxc3 8.
Bxc3 Nxf3+ 9. Qxf3 Nh6 10. Bxg7 Rg8 11. Bxh6 Qh4 12. Bc4 Rf8 13. Bxf8 Kxf8 14.
Qxf7# {VidalRaphael est échec et mat} 1-0

[Event "Champ FRA - Under 8"]
[Site "Europe Echecs"]
[Date "2020.07.06"]
[Round "2"]
[Time "14:26:13"]
[PlyCount "47"]
[White "ReissOscar"]
[Black "LamorelleAlexe"]
[WhiteElo "799"]
[BlackElo "1009"]
[Mode "WEB"]
[Result "0-1"]

1. e4 e5 2. Nf3 Nc6 3. Nc3 Nf6 4. Bb5 Bb4 5. d3 d5 6. d4 dxe4 7. Nxe5 Bd7 8. d5
Nxe5 9. Bf4 Ng6 10. Bg3 Bxb5 11. d6 cxd6 12. Bxd6 Bxd6 13. Nxb5 Qa5+ 14. Kf1
Qxb5+ 15. Ke1 Qxb2 16. Ke2 Nf4+ 17. Ke3 Nxg2+ 18. Ke2 Bc5 19. Rg1 Nf4+ 20. Kf1
Qb5+ 21. c4 Qxc4+ 22. Ke1 Bb4+ 23. Qd2 Qe2# {ReissOscar est échec et mat} 0-1

[Event "Champ FRA - Under 8"]
[Site "Europe Echecs"]
[Date "2020.07.06"]
[Round "3"]
[Time "14:52:19"]
[PlyCount "68"]
[White "LacanrusDavid"]
[Black "ArnouldMaxime"]
[WhiteElo "1136"]
[BlackElo "1450"]
[Mode "WEB"]
[Result "1-0"]

1. e4 e5 2. Nf3 Nc6 3. Bc4 Bc5 4. c3 Nf6 5. d4 d6 6. dxc5 dxc5 7. Qxd8+ Nxd8 8.
Nxe5 O-O 9. O-O Nxe4 10. Re1 Ng5 11. Bxg5 b5 12. Bxd8 bxc4 13. Bh4 Bg4 14. Nxg4
Rad8 15. Bxd8 Rxd8 16. Na3 h6 17. Rad1 Rb8 18. Nxc4 h5 19. Nge5 Re8 20. Nc6 Rc8
21. Rd8+ Rxd8 22. Nxd8 Kf8 23. b4 cxb4 24. cxb4 g6 25. a4 a6 26. a5 Kg7 27. b5
axb5 28. a6 bxc4 29. a7 c3 30. a8=Q c2 31. Qd5 Kh6 32. Nxf7+ Kg7 33. Ng5 Kf6 34.
Qe5# {ArnouldMaxime est échec et mat} 1-0

[Event "Champ FRA - Under 8"]
[Site "Europe Echecs"]
[Date "2020.07.06"]
[Round "3"]
[Time "14:52:19"]
[PlyCount "84"]
[White "DavidianAron"]
[Black "CosynsJean"]
[WhiteElo "1369"]
[BlackElo "1130"]
[Mode "WEB"]
[Result "1-0"]

1. e4 c6 2. d4 d5 3. Nc3 dxe4 4. Nxe4 Bf5 5. Bd3 Bxe4 6. Bxe4 Nf6 7. Bf3 Nbd7 8.
Ne2 e6 9. O-O Bd6 10. c3 O-O 11. Bg5 h6 12. Bh4 Qb6 13. Bg3 Bxg3 14. fxg3 Qxb2
15. Rb1 Qxa2 16. Rxb7 Qa6 17. Rc7 Rac8 18. Rxc8 Qxc8 19. Qa4 Nd5 20. c4 Ne3 21.
Re1 c5 22. dxc5 Nxc5 23. Qxa7 Nxc4 24. Rc1 Ne3 25. Rxc5 Qd7 26. Qxd7 Nf5 27. Rc8
Rxc8 28. Qxc8+ Kh7 29. Be4 g6 30. Bxf5 exf5 31. Qf8 h5 32. Qxf7+ Kh8 33. Qxg6 f4
34. Qxh5+ Kg7 35. Nxf4 Kf6 36. Nd5+ Kg7 37. Qf5 Kh6 38. Qg4 Kh7 39. Qg5 Kh8 40.
Ne7 Kh7 41. Nf5 Kh8 42. Qg7# {CosynsJean est échec et mat} 1-0

[Event "Champ FRA - Under 8"]
[Site "Europe Echecs"]
[Date "2020.07.06"]
[Round "3"]
[Time "14:52:19"]
[PlyCount "68"]
[White "ChenZhiyueDash"]
[Black "SamouelianSola"]
[WhiteElo "1119"]
[BlackElo "1349"]
[Mode "WEB"]
[Result "1-0"]

1. e3 d5 2. d4 Nf6 3. Nc3 e6 4. a3 Bd6 5. Nf3 Nc6 6. Bd3 Bd7 7. Bd2 Qe7 8. Qe2
h6 9. Na2 a5 10. c4 b6 11. Nc3 Nd8 12. cxd5 exd5 13. Bb5 c6 14. Bd3 Ne6 15. Na4
Bc7 16. Rb1 b5 17. Nc3 O-O 18. O-O b4 19. axb4 axb4 20. Nd1 Bd6 21. Ne5 Bxe5 22.
dxe5 Ne8 23. f4 c5 24. b3 N8c7 25. Nf2 f6 26. exf6 Rxf6 27. Ng4 Rg6 28. Bxg6 d4
29. exd4 cxd4 30. Bd3 Qd6 31. Ne5 Bc8 32. Bc4 Qb6 33. Qf2 Bb7 34. f5 {SamouelianSola a abandonné} 1-0

[Event "Champ FRA - Under 8"]
[Site "Europe Echecs"]
[Date "2020.07.06"]
[Round "3"]
[Time "14:52:19"]
[PlyCount "50"]
[White "SteinmetzBapti"]
[Black "FonsatEthan"]
[WhiteElo "1290"]
[BlackElo "1130"]
[Mode "WEB"]
[Result "1-0"]

1. e4 e5 2. Nf3 Bd6 3. d4 Nc6 4. Bc4 Nf6 5. Nc3 exd4 6. Nxd4 Nxd4 7. Qxd4 O-O 8.
O-O Qe7 9. Bg5 Be5 10. Qe3 h6 11. Bh4 g5 12. Bg3 Ng4 13. Qd2 Bxg3 14. fxg3 Qc5+
15. Kh1 Qxc4 16. h4 gxh4 17. gxh4 h5 18. Qg5+ Kh8 19. Qxh5+ Kg8 20. Qxg4+ Kh8
21. Rf6 Kh7 22. Qf5+ Kh8 23. Rh6+ Kg7 24. Qf6+ Kg8 25. Rh8# {FonsatEthan est échec et mat} 1-0

[Event "Champ FRA - Under 8"]
[Site "Europe Echecs"]
[Date "2020.07.06"]
[Round "3"]
[Time "14:52:19"]
[PlyCount "46"]
[White "TuMathias"]
[Black "RibreauAnna"]
[WhiteElo "1051"]
[BlackElo "1280"]
[Mode "WEB"]
[Result "1-0"]

1. e4 c5 2. Nf3 Nc6 3. d4 cxd4 4. Nxd4 g6 5. Nc3 Bg7 6. Be3 d6 7. Qd2 Nf6 8.
O-O-O Bd7 9. Bc4 O-O 10. Bh6 Bxh6 11. Qxh6 Ng4 12. Qh4 a6 13. f3 Nf6 14. Qg5 b5
15. Bd5 Rc8 16. h4 Qa5 17. a3 Qb6 18. Nxc6 Bxc6 19. Bxc6 Qxc6 20. h5 Nxh5 21.
Rxh5 f6 22. Qg3 Kh8 23. Qxg6 {RibreauAnna a abandonné} 1-0

[Event "Champ FRA - Under 8"]
[Site "Europe Echecs"]
[Date "2020.07.06"]
[Round "3"]
[Time "14:52:19"]
[PlyCount "52"]
[White "MartellierAnto"]
[Black "AkyuzEnes"]
[WhiteElo "1262"]
[BlackElo "1092"]
[Mode "WEB"]
[Result "1-0"]

1. d4 d5 2. Nf3 Nf6 3. c4 c6 4. Nc3 Bf5 5. cxd5 cxd5 6. Bf4 e6 7. e3 Be7 8. Bd3
Bg6 9. Bxg6 hxg6 10. Qb3 b6 11. Nb5 Na6 12. Qa4 Bb4+ 13. Ke2 O-O 14. Qxa6 Qd7
15. Nc3 Rfc8 16. Rhc1 Qc6 17. Qb5 Bxc3 18. Qxc6 Rxc6 19. Rxc3 Rxc3 20. bxc3 Ne4
21. c4 dxc4 22. Rc1 Rc8 23. Ne5 c3 24. f3 Nd6 25. Nxg6 Nb5 26. Ne7+ {AkyuzEnes a abandonné} 1-0

[Event "Champ FRA - Under 8"]
[Site "Europe Echecs"]
[Date "2020.07.06"]
[Round "3"]
[Time "14:52:19"]
[PlyCount "101"]
[White "LetellierTimot"]
[Black "CharrierShayan"]
[WhiteElo "1027"]
[BlackElo "1260"]
[Mode "WEB"]
[Result "0-1"]

1. e4 c6 2. Nf3 d5 3. Nc3 Bg4 4. d4 dxe4 5. Nxe4 Nd7 6. Be2 Ngf6 7. Nc3 e6 8.
Bd2 h6 9. O-O Bd6 10. h3 Bf5 11. Re1 O-O 12. Be3 Nb6 13. Qd2 Nfd5 14. Rac1 Nxc3
15. Qxc3 Nd5 16. Qd2 Qb6 17. b3 Bb4 18. c3 Ba3 19. Rc2 Bxc2 20. Qxc2 Qa5 21. c4
Nb4 22. Qc3 b6 23. Bc1 Bxc1 24. Rxc1 Nxa2 25. Qxa5 bxa5 26. Ra1 Nc3 27. Bd3 Rfb8
28. Nd2 Rd8 29. Rxa5 Rxd4 30. Nb1 Nxb1 31. Bxb1 Rd1+ 32. Kh2 Rxb1 33. Ra3 Kf8
34. Kg3 Ke7 35. Kf3 Kd6 36. Ke3 Kc5 37. Kd3 Kb4 38. Ra2 Rxb3+ 39. Kc2 Rc3+ 40.
Kb2 Rb8 41. Rxa7 Kxc4+ 42. Ka2 Rc2+ 43. Ka3 Rxf2 44. Ra4+ Kc3 45. Ra5 Rf5 46.
Ra4 Rfb5 47. Ka2 Rb2+ 48. Ka1 Rb1+ 49. Ka2 R8b2+ 50. Ka3 Ra1# {LetellierTimot est échec et mat} 0-1

[Event "Champ FRA - Under 8"]
[Site "Europe Echecs"]
[Date "2020.07.06"]
[Round "3"]
[Time "14:52:19"]
[PlyCount "119"]
[White "SchluppLea"]
[Black "NottperaltaGab"]
[WhiteElo "960"]
[BlackElo "1231"]
[Mode "WEB"]
[Result "0-1"]

1. e4 Nf6 2. Nc3 e5 3. Bc4 d6 4. d3 Be7 5. Be3 O-O 6. Nf3 b6 7. O-O Bb7 8. h3 c6
9. d4 exd4 10. Bxd4 c5 11. Be3 Nxe4 12. Nxe4 Bxe4 13. Bd5 Bxf3 14. Qxf3 Nc6 15.
Bxc6 Rc8 16. Be4 Bf6 17. Bb7 Rc7 18. Bc6 Qc8 19. Be4 Re8 20. a4 Qe6 21. Bd5 Qe7
22. Rae1 Qd7 23. Bg5 Bxg5 24. Rxe8+ Qxe8 25. b3 Bf6 26. Qh5 Re7 27. Bc4 Re5 28.
Qg4 Rg5 29. Qf3 h6 30. Bb5 Qd8 31. h4 Rg6 32. Re1 Bxh4 33. Re8+ Qxe8 34. Bxe8
Rf6 35. Bc6 Rxf3 36. gxf3 f6 37. Bd5+ Kf8 38. Kg2 Ke7 39. Bc6 f5 40. Kh3 Bxf2
41. Kg2 Bd4 42. f4 Kf6 43. c3 Bxc3 44. Bd7 g5 45. fxg5+ hxg5 46. a5 Bxa5 47. b4
Bxb4 48. Kf2 f4 49. Ke2 a5 50. Kd3 d5 51. Kc2 c4 52. Kb2 d4 53. Kc2 d3+ 54. Kb2
f3 55. Kc1 f2 56. Kb2 f1=Q 57. Ka2 Qe2+ 58. Kb1 Qc2+ 59. Ka1 Bc3# {SchluppLea est échec et mat} 0-1

[Event "Champ FRA - Under 8"]
[Site "Europe Echecs"]
[Date "2020.07.06"]
[Round "3"]
[Time "14:52:19"]
[PlyCount "110"]
[White "DuquesneAdrien"]
[Black "LarroumetsAugu"]
[WhiteElo "1230"]
[BlackElo "1090"]
[Mode "WEB"]
[Result "1-0"]

1. e4 e5 2. Bc4 Nc6 3. Qh5 g6 4. Qf3 Nf6 5. g4 Nd4 6. Qd3 Nxg4 7. Nf3 Nxf3+ 8.
Qxf3 Nf6 9. Nc3 c6 10. d3 d5 11. exd5 cxd5 12. Nxd5 Nxd5 13. Bxd5 Be6 14. Bxb7
Rb8 15. Bc6+ Ke7 16. Bg5+ f6 17. Bxf6+ Kd6 18. Bxd8 Rxd8 19. Bb7 Rb8 20. Qc6+
Ke7 21. Qc7+ Kf6 22. Qxb8 Bb4+ 23. c3 Rxb8 24. cxb4 Rxb7 25. a3 Bd5 26. Rf1 e4
27. dxe4 Bxe4 28. Rc1 Re7 29. Kd2 Bg2 30. Rfe1 Rd7+ 31. Kc3 Bb7 32. Red1 Rc7+
33. Kb3 Bd5+ 34. Ka4 Bc6+ 35. b5 Bxb5+ 36. Kxb5 Rb7+ 37. Ka6 Re7 38. Rc6+ Kf7
39. Rcd6 Ke8 40. Rd8+ Kf7 41. R1d7 Ke6 42. Rxe7+ Kxe7 43. Rh8 Kf7 44. Rxh7+ Kf6
45. Rxa7 g5 46. b4 Kf5 47. b5 Kf4 48. b6 g4 49. b7 Kf3 50. b8=Q Kxf2 51. Qf4+
Kg2 52. Rg7 Kg1 53. Rxg4+ Kh1 54. Qf3+ Kxh2 55. Qg2# {LarroumetsAugu est échec et mat} 1-0

[Event "Champ FRA - Under 8"]
[Site "Europe Echecs"]
[Date "2020.07.06"]
[Round "3"]
[Time "14:52:19"]
[PlyCount "86"]
[White "TavaresRibeiro"]
[Black "GongAlex"]
[WhiteElo "1225"]
[BlackElo "1062"]
[Mode "WEB"]
[Result "1-0"]

1. c4 e5 2. Nc3 Nf6 3. g3 Bc5 4. Bg2 d6 5. Nf3 Nc6 6. O-O O-O 7. e3 Be6 8. d4
exd4 9. exd4 Bxc4 10. dxc5 Bxf1 11. Kxf1 dxc5 12. Be3 Qxd1+ 13. Rxd1 b6 14. Nd2
Nd4 15. Bxa8 Rxa8 16. Nde4 Nxe4 17. Nxe4 Nf5 18. Nc3 Nxe3+ 19. fxe3 h6 20. Rd7
Rc8 21. Nb5 c6 22. Nxa7 Re8 23. Kf2 c4 24. Nxc6 Kh7 25. Rxf7 Rc8 26. Nd4 c3 27.
bxc3 Rxc3 28. Rb7 Ra3 29. Kf3 Rxa2 30. h4 Rb2 31. Kg4 Kg6 32. h5+ Kf6 33. Kf4
Rh2 34. Rxb6+ Kf7 35. g4 Rf2+ 36. Ke5 Rg2 37. Rg6 Rg3 38. Nf5 Kf8 39. Nxg3 Kf7
40. Nf5 Kg8 41. Ke6 Kf8 42. Rxg7 Ke8 43. Rg8# {GongAlex est échec et mat} 1-0

[Event "Champ FRA - Under 8"]
[Site "Europe Echecs"]
[Date "2020.07.06"]
[Round "3"]
[Time "14:52:19"]
[PlyCount "101"]
[White "BauerPierre"]
[Black "RoganovaJeremy"]
[WhiteElo "1187"]
[BlackElo "1020"]
[Mode "WEB"]
[Result "0-1"]

1. d4 f5 2. c4 e6 3. Nc3 Nf6 4. Nf3 Be7 5. Bg5 O-O 6. e3 d6 7. Bd3 e5 8. d5 f4
9. exf4 exf4 10. Bxf4 Bg4 11. O-O Nbd7 12. h3 Bxf3 13. Qxf3 Qe8 14. Rfe1 Rf7 15.
Qd1 Qf8 16. Qb3 h6 17. Qxb7 Nc5 18. Qxc7 Nxd3 19. Be3 Nxe1 20. Rxe1 Rc8 21. Qxa7
Rxc4 22. Qa6 Rb4 23. Qa3 Rb8 24. Bd4 Nh5 25. b3 Ra8 26. Qb2 Bf6 27. Bxf6 Rxf6
28. Ne4 Rf5 29. g4 Rxd5 30. gxh5 Rxh5 31. Kh2 d5 32. Ng3 Rh4 33. Rg1 d4 34. Nf5
Rf4 35. Nxh6+ Kh8 36. Ng4 Qf7 37. Rd1 Qc7 38. Kg1 Rd8 39. Qe2 Qb7 40. Nh2 Rh4
41. f3 Rxh3 42. Qg2 Rxh2 43. Qxh2+ Kg8 44. Qf2 d3 45. Qe3 Qa6 46. a4 Qg6+ 47.
Kf2 Rb8 48. Rg1 Qf6 49. Qxd3 Qb2+ 50. Ke3 Rxb3 {BauerPierre a abandonné} 0-1

[Event "Champ FRA - Under 8"]
[Site "Europe Echecs"]
[Date "2020.07.06"]
[Round "3"]
[Time "14:52:19"]
[PlyCount "141"]
[White "VoglerRomain"]
[Black "DaoAnna"]
[WhiteElo "1171"]
[BlackElo "799"]
[Mode "WEB"]
[Result "0-1"]

1. e4 e5 2. Nf3 Nc6 3. Bc4 Bc5 4. b4 Bxb4 5. c3 Bc5 6. d4 Bd6 7. O-O Nf6 8. Re1
h6 9. Bb5 O-O 10. Bxc6 bxc6 11. dxe5 Ng4 12. exd6 cxd6 13. Ba3 Qb6 14. Qxd6
Qxf2+ 15. Kh1 Re8 16. Nbd2 Ba6 17. h3 Ne3 18. Rxe3 Qxe3 19. Bb4 Be2 20. Re1 Qf2
21. Bc5 Re6 22. Bxf2 Rxd6 23. Rxe2 Rb8 24. e5 Rd5 25. Nc4 Rd1+ 26. Re1 Rd3 27.
Bg3 Rxc3 28. Nd6 Rb2 29. Rf1 Rcc2 30. Rf2 Rc1+ 31. Kh2 Rbb1 32. Ne1 Rxe1 33. Bh4
Rh1+ 34. Kg3 Rbc1 35. Kf4 g5+ 36. Ke3 gxh4 37. Rxf7 Rhe1+ 38. Kf4 Rf1+ 39. Ke4
Rxf7 40. Nxf7 Kxf7 41. Kf5 Rf1+ 42. Ke4 Re1+ 43. Kf5 Ra1 44. Kg4 Rxa2 45. Kxh4
Ke6 46. g3 Kxe5 47. g4 Rg2 48. g5 hxg5+ 49. Kh5 Rh2 50. Kg4 c5 51. Kxg5 Rxh3 52.
Kg4 Ra3 53. Kg5 Rf3 54. Kg4 Rf1 55. Kg3 Ke4 56. Kg2 Rf8 57. Kg3 Ke5 58. Kg4 Rf1
59. Kg3 Ke4 60. Kg2 Rf8 61. Kg3 Rf7 62. Kg4 Rg7+ 63. Kh4 Kf3 64. Kh5 Kf4 65. Kh6
Rg1 66. Kh5 Rg2 67. Kh6 Kf5 68. Kh7 Kf6 69. Kh8 Kf7 70. Kh7 Rh2# {VoglerRomain est échec et mat} 0-1

[Event "Champ FRA - Under 8"]
[Site "Europe Echecs"]
[Date "2020.07.06"]
[Round "3"]
[Time "14:52:19"]
[PlyCount "104"]
[White "LandolsiIyad"]
[Black "LlariMarc"]
[WhiteElo "1158"]
[BlackElo "799"]
[Mode "WEB"]
[Result "1-0"]

1. e4 e6 2. d4 d5 3. exd5 exd5 4. Bd3 Nf6 5. Bg5 Be7 6. c3 Be6 7. Nf3 Nbd7 8.
Nbd2 O-O 9. O-O c6 10. Qc2 Qc7 11. Rfe1 Bd6 12. h3 h6 13. Bxf6 Nxf6 14. Ne5 Bxe5
15. Rxe5 Nd7 16. Re2 Nf6 17. Rae1 Rae8 18. Re3 Re7 19. Rg3 Nh5 20. Rf3 Nf4 21.
Re5 Nxd3 22. Qxd3 Rfe8 23. Nb3 f6 24. Re2 Bf5 25. Rxe7 Bxd3 26. Rxc7 Be4 27. Re3
Rb8 28. f3 Bg6 29. Ree7 Kf8 30. Rxg7 Bc2 31. Rxb7 Rxb7 32. Rxb7 Bxb3 33. axb3
Ke8 34. Rxa7 Kd8 35. Rh7 Ke8 36. Rxh6 Ke7 37. Rh7+ Ke6 38. Kf2 Kd6 39. Ke3 Ke6
40. g4 Kd6 41. f4 Ke6 42. g5 fxg5 43. fxg5 Kf5 44. h4 Kg6 45. Rc7 Kh5 46. Rxc6
Kxh4 47. g6 Kh5 48. g7 Kg5 49. g8=Q+ Kh5 50. Qxd5+ Kg4 51. Rg6+ Kh4 52. Qh1# {LlariMarc est échec et mat} 1-0

[Event "Champ FRA - Under 8"]
[Site "Europe Echecs"]
[Date "2020.07.06"]
[Round "3"]
[Time "14:52:19"]
[PlyCount "37"]
[White "BennaniJohan"]
[Black "TranAmarAndy"]
[WhiteElo "940"]
[BlackElo "1154"]
[Mode "WEB"]
[Result "0-1"]

1. e4 e6 2. d4 d5 3. e5 c5 4. Nf3 cxd4 5. Nxd4 Bc5 6. Nc3 Bxd4 7. Qxd4 Nc6 8.
Qf4 f6 9. Bb5 fxe5 10. Bxc6+ bxc6 11. Qxe5 Nf6 12. Bg5 O-O 13. O-O-O Qb6 14.
Bxf6 Rxf6 15. Na4 Qxf2 16. Rhf1 Qh4 17. g3 Qh6+ 18. Rd2 Rxf1+ {BennaniJohan a abandonné} 0-1

[Event "Champ FRA - Under 8"]
[Site "Europe Echecs"]
[Date "2020.07.06"]
[Round "3"]
[Time "14:52:19"]
[PlyCount "95"]
[White "RomeroAlexandr"]
[Black "DeladerriereHe"]
[WhiteElo "900"]
[BlackElo "1141"]
[Mode "WEB"]
[Result "0-1"]

1. e4 d5 2. exd5 Qxd5 3. Nc3 Qd6 4. Nb5 Qd5 5. Nxc7+ Kd8 6. Nxd5 e6 7. Nf4 Nf6
8. Nf3 Bd6 9. d4 Nc6 10. Be3 Bd7 11. Bc4 Rc8 12. O-O Re8 13. Qd2 e5 14. d5 Ne7
15. Nh3 Rxc4 16. Bxa7 Nexd5 17. Qa5+ Nc7 18. c3 Ra4 19. Qb6 Nfd5 20. Qxd6 Rxa7
21. Nxe5 Re7 22. Rfe1 Ra6 23. Nc6+ Rxc6 24. Qg3 Rg6 25. Qd3 Bxh3 26. g3 Rd7 27.
Rad1 Be6 28. c4 Nf4 29. Qf3 Nh3+ 30. Kg2 Bg4 31. Qxf7 Rxd1 32. Qf8+ Kd7 33. Re7+
Kc6 34. Rxc7+ Kxc7 35. Qc5+ Kb8 36. Qf8+ Ka7 37. Qc5+ Rb6 38. Qa5+ Kb8 39. Qe5+
Rbd6 40. Qe8+ Ka7 41. Qe3+ b6 42. Qe7+ Rd7 43. Qa3+ Kb7 44. Qf3+ Bxf3+ 45. Kxf3
Rf7+ 46. Kg4 Nxf2+ 47. Kh4 Rd4+ {RomeroAlexandr a abandonné} 0-1

[Event "Champ FRA - Under 8"]
[Site "Europe Echecs"]
[Date "2020.07.06"]
[Round "3"]
[Time "14:52:19"]
[PlyCount "152"]
[White "LazignacAslany"]
[Black "LauerAdam"]
[WhiteElo "799"]
[BlackElo "1290"]
[Mode "WEB"]
[Result "1-0"]

1. e4 e5 2. Nf3 Nf6 3. Nc3 d6 4. Bc4 Be7 5. d4 Nc6 6. dxe5 Nxe5 7. Nxe5 dxe5 8.
Qf3 Bg4 9. Qd3 Qxd3 10. cxd3 O-O-O 11. Be3 Rhf8 12. O-O Be6 13. Bxe6+ fxe6 14.
a4 Rxd3 15. a5 a6 16. Rfc1 Rfd8 17. h3 Bb4 18. Ne2 Bd2 19. Rc2 Bxe3 20. fxe3
Nxe4 21. Rac1 Rd1+ 22. Rxd1 Rxd1+ 23. Kh2 Rd2 24. Rxd2 Nxd2 25. Kg3 Kd7 26. Kg4
Kc6 27. h4 Kb5 28. h5 Kxa5 29. Kg5 Kb4 30. Kh4 Kb3 31. g4 Kxb2 32. g5 a5 33. h6
g6 34. Ng3 a4 35. Nh5 gxh5 36. g6 hxg6 37. h7 a3 38. h8=Q a2 39. Qxe5+ Kb1 40.
Qb5+ Kc2 41. Qa4+ Nb3 42. Qxa2+ Kc3 43. Kg5 b5 44. Kxg6 h4 45. Kg5 h3 46. Kg4
Nd2 47. Kxh3 b4 48. Kg3 b3 49. Qa3 Kc2 50. Qc5+ Kb2 51. Qe5+ Ka3 52. Qa1+ Kb4
53. Qd4+ Nc4 54. Qd1 b2 55. Qb1 Kb3 56. Qd3+ Ka2 57. Qxc4+ Ka1 58. Qa4+ Kb1 59.
Qb3 Kc1 60. Qc3+ Kb1 61. Qe1+ Ka2 62. Qd2 Ka1 63. Qd1+ Ka2 64. Qc2 Ka1 65. Qa4+
Kb1 66. Kf4 Kc1 67. Qc4+ Kb1 68. Ke5 Ka1 69. Qa4+ Kb1 70. Kxe6 c5 71. Kd5 c4 72.
Kxc4 Kc1 73. Qb3 Kb1 74. e4 Kc1 75. Qc3+ Kb1 76. Kb3 {LauerAdam a abandonné} 1-0

[Event "Champ FRA - Under 8"]
[Site "Europe Echecs"]
[Date "2020.07.06"]
[Round "3"]
[Time "14:52:19"]
[PlyCount "90"]
[White "NicotValentin"]
[Black "DebbicheAmir"]
[WhiteElo "1041"]
[BlackElo "1110"]
[Mode "WEB"]
[Result "1-0"]

1. e4 e5 2. Nf3 d6 3. d4 Nc6 4. dxe5 dxe5 5. Qxd8+ Nxd8 6. Nxe5 Bd6 7. Nf3 f6 8.
Be3 Be6 9. Nc3 Ne7 10. Be2 Ng6 11. g3 O-O 12. O-O-O Re8 13. h4 Bb4 14. Bd2 Bxc3
15. Bxc3 Bxa2 16. b3 Nc6 17. Kb2 Bxb3 18. cxb3 Nf8 19. Bc4+ Kh8 20. Rhe1 h6 21.
Bb5 a6 22. Bxc6 b6 23. Bxe8 Rxe8 24. Bb4 c5 25. Bc3 Kg8 26. Rd6 b5 27. b4 cxb4
28. Bxb4 Rc8 29. Rxa6 Rc4 30. Bxf8 Kxf8 31. Rb6 b4 32. Nd2 Rd4 33. Nb3 Rc4 34.
e5 fxe5 35. Rxe5 Rg4 36. Reb5 Kg8 37. Rxb4 Rxb4 38. Rxb4 Kh7 39. Kc3 h5 40. Kd4
g6 41. Ke5 Kg7 42. Rb7+ Kf8 43. Kf6 Ke8 44. Rh7 Kf8 45. Rh8# {DebbicheAmir est échec et mat} 1-0

[Event "Champ FRA - Under 8"]
[Site "Europe Echecs"]
[Date "2020.07.06"]
[Round "3"]
[Time "14:52:19"]
[PlyCount "63"]
[White "StoyanovVictor"]
[Black "EboueZacharie"]
[WhiteElo "799"]
[BlackElo "1500"]
[Mode "WEB"]
[Result "0-1"]

1. d4 d5 2. c4 Nf6 3. cxd5 Nxd5 4. e4 Nb6 5. Nc3 Nc6 6. Nf3 Bg4 7. Be3 Bxf3 8.
gxf3 e6 9. Bh3 Bb4 10. a3 Bxc3+ 11. bxc3 O-O 12. O-O Nc4 13. Re1 Nxe3 14. Rxe3
Qg5+ 15. Kf1 Qh4 16. Bg2 Qxh2 17. Rd3 Rfd8 18. Rb1 Rd7 19. Qd2 Rad8 20. Rd1 h6
21. a4 Ne7 22. Rb1 b6 23. Ra1 Ng6 24. a5 Nh4 25. axb6 Qxg2+ 26. Ke2 axb6 27. Qf4
g5 28. Qf6 c5 29. dxc5 Rxd3 30. Rd1 Qxf3+ 31. Ke1 Rxd1# {StoyanovVictor est échec et mat} 0-1